Sosyal bakım hizmetlerine kamu yatırımlarının istihdam, toplumsal cinsiyet eşitliği ve yoksulluğa etkileri: Türkiye örneği= Impact of public investment in social care services on employment, gender equality, and poverty: the Turkish case (Record no. 9293)

MARC details
000 -BAŞLIK
Sabit Uzunlukta Kontrol Alanı 01107na a2200301 4500
001 - KONTROL NUMARASI
Denetim Alanı 18581
003 - KONTROL NUMARASI IDENTIFIER
Denetim Alanı MIRAKIL
005 - SON İŞLEM TARİHİ VE ZAMANI
Denetim Alanı 20181213155242.0
008 - SABİT-BOY VERİ ELEMANLARI - GENEL BİLGİLER
Sabit Uzunlukta Kontrol Alanı 161124b tu 000 0
020 ## - ULUSLARARASI STANDART KİTAP NUMARASI
Uluslararası Standart Kitap Numarası 9789755614670
035 ## - SİSTEM KONTROL NUMARASI
Sistem Kontrol Numarası 18581
040 ## - KATALOGLAMA KAYNAK
Orijinal Kataloglama Ajansı Milas
Kataloglama Dili tur
Metne Dönüştürmek Ajansı TR-AnCHP
041 ## - DİL KODU
Metin / Ses Parça Veya Ayrı Başlığın Dil Kodu eng
-- tur
082 ## - DEWEY ONLU SINIFLANDIRMA NUMARASI
Sınıflandırma Numarası 330.9561
Ürün Numarası İ44s 2015
090 ## - SINIFLAMA NUMARASI
Sınıflama Numarası 330.9561 İ44s 2015
100 ## - ANA GİRİŞ - KİŞİSEL İSİM
Kişisel Ad İlkkaracan, İpek
245 ## - BAŞLIK TABLOSU
Başlık Sosyal bakım hizmetlerine kamu yatırımlarının istihdam, toplumsal cinsiyet eşitliği ve yoksulluğa etkileri: Türkiye örneği= Impact of public investment in social care services on employment, gender equality, and poverty: the Turkish case
Sorumluluk Tablosu, Vb İpek İlkkaracan, Kijong Kim and Tolga Kaya, çev. Metin Çulhaoğlu
260 ## - YAYIN, DAĞITIM, VB
Yayın, Dağıtım, Vb Yeri İstanbul
Yayıncı, Dağıtıcı, Vs Adı İTÜ BMT-KAUM
Yayın, Dağıtım, Vb Tarihi 2015
300 ## - FİZİKSEL TANIM
Kapsam 145 s.
Diğer Fiziksel Ayrıntıları tbl. ; grf.
Boyutlar 29 sm.
500 ## - GENEL NOT
Genel Not Metin Türkçe - İngilizce paralel
504 ## - KAYNAKÇA VB NOT
Kaynakça Vb Notu Kaynakça var.
650 ## - KONU KATMA GİRİŞ - TOPİKAL DÖNEM
Topikal Süreli Veya Coğrafi Ad Giriş Elemanı Sosyal hizmetler
Coğrafi Alt Bölümü Türkiye
651 ## - KONU KATMA GİRİŞ - COĞRAFİ ADI
Coğrafi İsim Türkiye
Genel Alt Bölümü Ekonomik durum
700 ## - KATMA GİRİŞ - KİŞİSEL İSİM
Kişisel Ad Çulhaoğlu, Metin
700 ## - KATMA GİRİŞ - KİŞİSEL İSİM
Kişisel Ad Kaya, Tolga
700 ## - KATMA GİRİŞ - KİŞİSEL İSİM
Kişisel Ad Kim, Kijong
942 ## - EKLENDİ GİRİŞ ELEMANLARI (KOHA)
Sınıflandırma Veya Raf Düzeni Kaynak Dewey Decimal Classification
Koha Öğesi Türü Books
999 ## - SİSTEM KONTROL NUMARALARI (KOHA)
Koha Biblionumber 9293
Koha Biblioitemnumber 9293
Holdings
Kalıcı Konum Mevcut Konum Edinme Tarihi Edinim Kaynak Toplam Check-Out'Lar Tam Çağrı Numarası Barkod Tarih Son Görülme İtibaren Geçerli Fiyatlar Koha Öğesi Türü
CHP Kütüphanesi CHP Kütüphanesi 11/22/2016 Bağış   330.9561 İ44s 2015 009933 11/22/2016 11/22/2016 Books